Science, technology and society (STS) / David C. Bueno, Ed.D. (Record no. 20926)

000 -LEADER
fixed length control field 00511nam a22001577a 4500
020 ## - INTERNATIONAL STANDARD BOOK NUMBER
ISBN 9786214091287
082 ## - DEWEY DECIMAL CLASSIFICATION NUMBER
Classification number 500
Item number B9286 2019
100 ## - MAIN ENTRY--AUTHOR NAME
Personal name Bueno, David C., author.
245 ## - TITLE STATEMENT
Title Science, technology and society (STS) / David C. Bueno, Ed.D.
260 ## - PUBLICATION, DISTRIBUTION, ETC. (IMPRINT)
Place of publication Mandaluyong City :
Name of publisher Books Atbp. Publishing Corp.,
Year of publication ©2019.
300 ## - PHYSICAL DESCRIPTION
Number of Pages v, 188 pages ;
Other physical details 23 cm.
500 ## - GENERAL NOTE
General note Includes bibliographical references.
650 ## - SUBJECT ADDED ENTRY--TOPICAL TERM
Topical Term Science -- Social aspects.
650 ## - SUBJECT ADDED ENTRY--TOPICAL TERM
Topical Term Technology -- Social aspects.
942 ## - ADDED ENTRY ELEMENTS (KOHA)
Koha item type Books
Holdings
Source of acquisition Permanent Location Date acquired Koha item type Collection code Accession Number Lost status Shelving location Withdrawn status Current Location Full call number
SchoolCagayan State University - Carig Library2025-05-28BooksPure Sciences010839 General Collection Cagayan State University - Carig Library500 B9286 2019
SchoolCagayan State University - Carig Library2025-05-28BooksPure Sciences010840 General Collection Cagayan State University - Carig Library500 B9286 2019
SchoolCagayan State University - Carig Library2025-05-28BooksPure Sciences010841 General Collection Cagayan State University - Carig Library500 B9286 2019

Cagayan State University University Library, Carig Campus
Tuguegarao City, Cagayan 3500 | www.csucarig.edu.ph

Powered by Koha